Die teuersten Fußballtransfers - Rechtsaußen - Statistiken

Allgemein
  • Dieses Quiz wurde 54 mal gespielt
  • Das Durchschnittsergebnis liegt bei 8 aus 10
Antwortstatistiken
Ablöse (M €) Saison Nationalität Abgebender Verein Aufnehmender Verein Spieler % Korrekt
101,00 2013-2014 Wales Tottenham Real Madrid Gareth Bale
100%
135,00 2017-2018 Frankreich Borussia Dortmund FC Barcelona Ousmane Dembélé
100%
64,00 2018-2019 Vereinigte Staaten Borussia Dortmund FC Chelsea Christian Pulisic
96%
75,00 2014-2015 Argentinien Real Madrid Manchester United Ángel Di María
91%
63,00 2015-2016 Argentinien Manchester United Paris SG Ángel Di María
91%
67,80 2018-2019 Algerien Leicester City Manchester City Riyad Mahrez
87%
95,00 2022-2023 Brasilien Ajax Amsterdam Manchester United Antony
84%
60,00 2000-2001 Portugal FC Barcelona Real Madrid Luís Figo
84%
80,00 2019-2020 Elfenbeinküste LOSC Lille FC Arsenal Nicolas Pépé
60%
60,00 2023-2024 Brasilien Zenit S-Pb Al-Hilal Malcom
49%
Keine übereinstimmenden Quizze gefunden
Verteilung der Resultate
Anzahl Personen mit jedem Resultat
Perzentil nach korrekt beantworteten Fragen
Ihre Resultats-Entwicklung
Sie haben dieses Quiz noch nicht gespielt